000 00903nam a2200217 a 4500
001 53859
003 BD-RjUL
005 20211209080031.0
008 161027s1975 ii ||||| |||| 00| 0 ben d
035 _a(BD-RjUL)53981
040 _aBD-RjUL
_bben
_cBD-RjUL
041 _aben
082 _223
_a891.4409
_bGHS 1975
100 _aঘোষ, প্রণবরঞ্জন
_9160491
245 1 0 _aশ্রীরামকৃষ্ণ ও বাংলা সাহিত্য /
_cপ্রণবরঞ্জন ঘোষ
260 _aকলিকাতা :
_bকরূণা প্রকাশনী,
_c১৯৭৫ [১৩৮২]
300 _a[২০], ২৮৫ পৃ. ;
_c২১ সেমি.
650 _aবাংলা সাহিত্য
_xইতিহাস ও সমালোচনা
_9160881
650 _aBengali Literature
_xHistory & Criticism
_9160882
942 _2ddc
_cBK
999 _c53859
_d53859